000 00936nam a2200241Ii 4500
003 JO-AjNU
008 230605s9999||||xx |||||||||||||| ||und||
017 _a1428/1189
020 _a9960-04-719-9
040 _aJO-AjNU
_bara
_erda
_cJO-AjNU
041 _aara
050 1 4 _aBP130.S252.D87.2007
100 3 _aالدريبي،عيسى بن ناصر بن علي/اعداد,
_eauthor
_943523
245 0 0 _aمنهج السمين الحلبي في التفسير في كتابه الدر المصون
250 _aط1
264 3 1 _aالرياض:مكتبة الملك فهد الوطنية ،2007
300 _a785ص
336 _atext
_btxt
_2rdacontent
337 _aunmediated
_bn
_2rdamedia
338 _avolume
_bnc
_2rdacarrier
490 0 _aسلسلة الرسائل الجامعية74
650 4 _aاللغة العربية-نحو-اللغة العربية-قواعد-قرآن كريم-الفاظ-اعراب-علوم
_943524
999 _aA18717
_c22285
_d22285